Capitales européennes par longitude. - Statistiques

Statistiques générales
  • Ce quiz a été pris 10 fois
    5 depuis la dernière actualisation
  • Le résultat moyen est 8 sur 44
Statistiques - réponses
HINT ANSWER % Correct
1 Reykjavik
100%
6 Andorre-la-Vieille
67%
3 Dublin
67%
2 Lisbonne
67%
5 Londres
67%
4 Madrid
67%
7 Paris
67%
9 Amsterdam
33%
12 Berne
33%
8 Bruxelles
33%
10 Luxembourg
33%
11 Monaco
33%
44 Moscou
33%
14 Oslo
33%
13 Vaduz
33%
42 Ankara
0%
33 Athènes
0%
29 Belgrade
0%
18 Berlin
0%
24 Bratislava
0%
38 Bucarest
0%
27 Budapest
0%
40 Chisinau
0%
17 Copenhague
0%
36 Helsinki
0%
41 Kiev
0%
21 La Valette
0%
20 Ljubljana
0%
39 Minsk
0%
43 Nicosie
0%
19 Prague
0%
34 Riga
0%
16 Rome
0%
15 San Marin
0%
26 Sarajevo
0%
31 Skopje
0%
32 Sofia
0%
25 Stockholm
0%
35 Tallinn
0%
28 Tirana
0%
30 Varsovie
0%
23 Vienne
0%
37 Vilnius
0%
22 Zagreb
0%
Aucun quiz correspondant
Distribution des résultats
% des personnes avec chaque résultat
Percentile par nombre de réponses
Votre historique - résultats
Vous n’avez pas pris ce quiz depuis la dernière actualisation